00387 2200145 4500001002100000005001500021035002000036245008700056300000800143260004600151082000800197084001200205990001200217990001200229INLIS00000000000262020250605024618 a0010-0625000206 aEnsiklopedia Matematika dan Peradaban Manusia /cDr. Wahyudin, Drs. Sudrajat, M.Pd a320 aJakarta :bTorirty Samudra Berlian,c2003 a510 a510 ENS a0320160 a0320161